000 01492nam a2200385 a 4500
001 000115144
003 CHAP
005 20220329144518.0
008 181025s2018 mx a sm |||||||spa d
010 _a111605
011 _a112577
040 _cCHAP
090 _aTesis
100 1 _aZamora Elizalde, Manuela Judith.
_9136079
245 1 0 _aEtilogía de la deshidratación de frutos en arándano (Vaccinium corymbosum L. cv. Biloxi) /
_h[En línea]
_cpor Manuela Judith Zamora Elizalde.
260 _aChapingo, Méx. :
_bEl autor,
_c2018.
500 _aPara ver el contenido del material haga clic en la liga
502 _aTesis (Ing. Agr. Esp. en Parasitología Agrícola) -- UACH. Departamento de Parasitología Agrícola
590 _aBATCH-UPD
_b10
_c20190616
_lUCH01
_h1538
590 _aE11695DGD
_b10
_c20190616
_lUCH01
_h1537
590 _aE8697GMM
_b05
_c20181025
_lUCH01
_h1339
590 _aE8697GMM
_b05
_c20181025
_lUCH01
_h1340
590 _aE8697GMM
_b05
_c20181029
_lUCH01
_h0931
590 _aE8697GMM
_b05
_c20181029
_lUCH01
_h0932
590 _aE8697GMM
_b05
_c20181203
_lUCH01
_h0915
590 _aE8697GMM
_b05
_c20190516
_lUCH01
_h1550
650 1 4 _aAlimentos
_xDeshidratación.
_94212
650 1 4 _aArándano
_xEnfermedades.
_97293
650 1 4 _aFungicidas
_xEfecto en plantas.
_9126679
650 1 4 _aPlantas
_xEnfermedades por hongos.
_988830
856 _aFinding aid
_uhttp://10.13.5.2/tesis/sist115144.pdf
_zTeclea aquí
901 _aBK
942 _cTESIS
942 _n0
999 _c111605
_d111605